00879nam a22002417a 45000010005000000030006000050050017000110080041000280400029000690500011000980820013001091000032001222450121001542600039002753000066003145050008003805200078003885210029004665210020004956500042005157000035005577000045005927633FISKH20250729092136.0250729b cb ||||| |||| 00| 0 eng d aFISKHbengcFISKHdFISKH aPZ74.2 a398.2452 aSchlichting, MarkeAdaptor  aThe tortoise and the hare / cRetold by Mark Schlichting : Illustrated by Michael Dashow & Barbara Lawrence-Webster  aNew York : bRandom House ,c1993. a31 unnumbered pages : bcolor illustrations ;c18 x 23 cm .  aK  aRecounts the race between the boastful hare and the persevering tortoise.8 a510 bLexile estimate 8 aK bRaz-Plus  aSlow and steadyvJuvenile Literature  aDashow, Michael eIllustrator  aLawrence-Webster, Barbara eIllustrator